000 00743pab a2200181 454500
008 180718b2010 xxu||||| |||| 00| 0 eng d
100 _aFan, Bonai et al
245 _aGovernment waste in China: Situation, causes and countermeasures
260 _c2010
300 _ap.684-708.
362 _aJul-Aug
520 _aThe administrative expenditure to china has been growing rapidly in the past decades. This paper examines the forms and causes of government waste hidden in the high levels of administrative expenditure. Based on the findings, several specific policy suggestions are made. - Reproduced.
650 _aPublic expenditure - China
650 _aPublic expenditure
773 _aAsian Survey
908 _aN
909 _a89299
999 _c89299
_d89299